| 000 | 00388nam a22001697a 4500 | ||
|---|---|---|---|
| 005 | 20160618125418.0 | ||
| 008 | 160618b xxu||||| |||| 00| 0 eng d | ||
| 020 | _a978-81-203-1709-3 | ||
| 041 | _aeng | ||
| 082 | _b8137 | ||
| 100 |
_aKaul, Asha _9282 |
||
| 245 | _aEffective Business Communication | ||
| 260 |
_bPHI _c2009 |
||
| 300 | _a168 | ||
| 650 |
_aManagement _9241 |
||
| 942 | _cBK | ||
| 999 |
_c3102 _d3101 |
||